Leadership when the heat's on

Bibliographic Details
Main Author: Cox, Danny
Other Authors: Hoover, John
Format: Book
Published: United States : McGraw-Hill , 2002
Edition:2nd ed.
Subjects:

MARC

LEADER 00000cam a2200000 7i4500
001 0000011961
005 20050509.0
020 |a 0071400834 
040 |a INS 
090 0 0 |a HD57.7.   |b C69 2002 
100 1 |a Cox, Danny 
245 1 0 |a Leadership when the heat's on   |c Danny Cox 
250 |a 2nd ed. 
260 |a United States :   |b McGraw-Hill ,   |c 2002 
300 |a xvii :   |b 237p ;   |c 23cm. 
650 0 0 |a Leadership 
700 1 |a Hoover, John 
999 |a 0000012904   |b BOOK   |c Open Shelf   |e Default branch